000 00896nam a2200217Ia 4500
999 _c44397
_d44397
001 11162
003 GE_BSU
005 20251226143105.0
008 181216s1976||||ge |||||||||||||| ||geo||
040 _cGE_BSU
041 _ageo
080 _a579(075.32) ნ-56
100 _aწილოსანი, გ
_926609
245 _aმიკრობიოლოგია :
_bსახელმძღვ.სასოფლო-სამეურნეო ტექნიკუმებისათვის /
_cგ.წილოსანი, რედ. გ.ზოზრაშვილი.
264 _aთბილისი:
_bგანათლება,
_c1976.
300 _a330 გვ;
_bილ; ცხრ
_c22 სმ.
300 _e.
653 _aმიკრობიოლოგია.
700 _aზოზრაშვილი, გ
_eრედაქტორი
_926610
942 _cBK
_2udc